| 000 | 00677na a2200253 4500 | ||
|---|---|---|---|
| 001 | 13474 | ||
| 003 | MIRAKIL | ||
| 005 | 20181213155211.0 | ||
| 008 | 160908b tu 000 0 | ||
| 020 | _a9751922496 | ||
| 035 | _a13474 | ||
| 040 |
_aMilas _btur _cTR-AnCHP |
||
| 082 |
_a351 _bD86j 1999 |
||
| 090 | _a351 D86j 1999 | ||
| 100 | _aDursun, Hasan | ||
| 245 |
_aJapon merkezi idare yönetimi _cHasan Dursun |
||
| 260 |
_aAnkara _bDPT _c1999 |
||
| 300 |
_a136 s. _c24 sm. |
||
| 504 | _aKaynakça var. | ||
| 650 |
_aMerkez-yerel yönetim ilişkileri _zJaponya |
||
| 650 |
_aMerkezi yönetim _zJaponya |
||
| 651 |
_aJaponya _xSiyaset ve yönetim |
||
| 942 |
_2ddc _cBKS |
||
| 999 |
_c8404 _d8404 |
||